000
00445nam a2200145Ia 4500
008
100122s9999 xx 000 0 und d
082
_b
71338
_a
641.5
100
_a
शेट्ये स्वप्नाली
245
_a
सॅलड्स क क्र- 8/1
260
_b
औदुंबर
_c
2001
300
_a
83
630
_a
सॅलड्स क क्र- 8/1
730
_a
सॅलड्स क क्र- 8/1
942
_c
BOOK
999
_c
441964
_d
441961